| 000 | 00338nam a2200109 4500 | ||
|---|---|---|---|
| 999 |
_c14347 _d14347 |
||
| 008 | 190913b ||||| |||| 00| 0 eng d | ||
| 245 | _aPakistan cracks down on militants, eyes Muslim school closures. | ||
| 260 |
_aPhilippines: _bPhilippine Daily Inquirer; _cc2019. |
||
| 300 | _apage A14. | ||
| 650 | 0 |
_939574 _aTerrorism. |
|
| 942 |
_2ddc _cPER |
||